LEGO Star Wars: Clone Troopers by Picture - Statistics

General Stats
  • This quiz has been taken 328 times
    116 since last reset
  • The average score is 17 of 22
Answer Stats
Picture Answer % Correct
Boba Fett
99%
CC-2224 "Cody"
97%
CT-7567 "Rex"
94%
CT-27-5555 "Fives"
89%
CC-1004 "Gree"
88%
"Omega"
87%
CC-3636 "Wolffe"
86%
CT-9901 "Hunter"
84%
CT-9902 "Tech"
83%
CT-9903 "Wrecker"
83%
CC-1010 "Fox"
78%
CT-9904 "Crosshair"
76%
CC-5052 "Bly"
73%
CT-21-0408 "Echo"
73%
CC-5576-39 "Gregor"
71%
CC-1138 "Bacara"
69%
"Hammer"
69%
CC-8826 "Neyo"
62%
CT-0292 "Vaughn"
61%
CC-2237 "Odd Ball"
52%
CT-6910 "Razor"
47%
CT-55/11-9009 "Jag"
41%
No matching quizzes found
Score Distribution
Percent of People with Each Score
Percentile by Number Answered
Your Score History
You have not taken this quiz since the last reset